|
|
|
|
| LEADER |
00000cam a2200000 7i4500 |
| 001 |
0000004935 |
| 002 |
000005321 |
| 005 |
20000330.0 |
| 020 |
|
|
|a 0079097774
|
| 090 |
0 |
0 |
|a 651.59
|b DOL
|
| 100 |
1 |
|
|a Dolan, Kathleen A
|
| 245 |
1 |
0 |
|a Using application software in business :
|b VP-Planner Plus,dBASE 3 Plus and WordPerfect 4.2
|c Kathleen A.Dolan and Keiko M.Pitter
|
| 260 |
|
|
|a New York :
|b McGraw-Hill ,
|c 1990
|
| 300 |
|
|
|a 433p. ;
|c 25cm.
|
| 650 |
0 |
0 |
|a Microcomputers
|
| 650 |
0 |
0 |
|a Office practice
|x Automation
|
| 999 |
|
|
|a 037557
|b BUKU
|c PINJAMAN
|e PERPUSTAKAAN KOMUNITI PETALING JAYA
|
| 999 |
|
|
|a 037558
|b BUKU
|c RUJUKAN
|e PERPUSTAKAAN KOMUNITI PETALING JAYA
|
| 999 |
|
|
|a 037559
|b BUKU
|c PINJAMAN
|e PERPUSTAKAAN KOMUNITI PETALING JAYA
|
| 999 |
|
|
|a 037560
|b BUKU
|c RUJUKAN
|e PERPUSTAKAAN KOMUNITI PETALING JAYA
|